[Event "9th Bangabandhu Blitz Women 2021"]
[Site "Dhaka"]
[Date "2021.04.03"]
[Round "7.4"]
[White "Talukder, Umme Taslima Protiva"]
[Black "Wadifa, Ahmed"]
[Result "1-0"]
[WhiteElo "1722"]
[BlackElo "1595"]
[Annotator "NA"]
[PlyCount "64"]
[EventDate "2021.04.02"]
[EventType "swiss"]
[EventCountry "BAN"]
[SourceTitle "playchess.com"]
[Source "ChessBase"]
[SourceQuality "1"]
[TimeControl "1500+10"]

1. d4 {[%emt 0:25:10]} Nf6 2. c4 {[%emt 0:00:10]} g6 {[%emt 0:25:20]} 3. Nc3 {[%emt 0:00:10]} Bg7 4. e3 {[%emt 0:00:10]} O-O {[%emt 0:00:20]} 5. Nf3 {[%emt 0:00:10]} d6 {[%emt 0:00:10]} 6. Be2 {[%emt 0:00:10]} c5 {[%emt 0:00:10]} 7. O-O {[%emt 0:00:10]} Nc6 {[%emt 0:00:10]} 8. b3 {[%emt 0:00:10]} b6 {[%emt 0:00:10]} 9. Bb2 {[%emt 0:00:10]} Bb7 {[%emt 0:00:10]} 10. d5 {[%emt 0:00:10]} Nb4 {[%emt 0:00:10]} 11. a3 {[%emt 0:00:10]} Na6 12. Rc1 {[%emt 0:00:10]} Nc7 {[%emt 0:00:20]} 13. Qc2 {[%emt 0:00:10]} e6 {[%emt 0:00:10]} 14. dxe6 {[%emt 0:00:10]} Nxe6 {[%emt 0:00:10]} 15. Rcd1 {[%emt 0:00:10]} Qe7 {[%emt 0:00:10]} 16. Rd2 {[%emt 0:00:10]} Rfd8 {[%emt 0:00:10]} 17. Rfd1 {[%emt 0:00:10]} Rd7 18. h3 {[%emt 0:00:10]} a6 {[%emt 0:00:20]} 19. Nh2 {[%emt 0:00:10]} Rad8 {[%emt 0:00:10]} 20. Ng4 {[%emt 0:00:10]} Nxg4 {[%emt 0:00:10]} 21. Bxg4 {[%emt 0:00:10]} h5 {[%emt 0:00:10]} 22. Be2 {[%emt 0:00:10]} Nc7 {[%emt 0:00:10]} 23. e4 {[%emt 0:00:10]} Ne6 {[%emt 0:00:10]} 24. Nd5 {[%emt 0:00:10]} Bxb2 {[%emt 0:00:10]} 25. Nxe7+ {[%emt 0:00:10]} Rxe7 {[%emt 0:00:10]} 26. Qxb2 {[%emt 0:00:10]} Nd4 {[%emt 0:00:10]} 27. f3 {[%emt 0:00:10]} a5 {[%emt 0:00:10]} 28. Bf1 {[%emt 0:00:10]} Re5 {[%emt 0:00:10]} 29. b4 {[%emt 0:00:10]} Rg5 {[%emt 0:00:10]} 30. Kh1 {[%emt 0:00:10]} Re5 {[%emt 0:00:10]} 31. bxc5 {[%emt 0:00:10]} dxc5 {[%emt 0:00:10]} 32. Qxb6 {[%emt 0:00:10]} Bc6 {[%emt 0:00:10]} 1-0

[Event "9th Bangabandhu Blitz Women 2021"]
[Site "Dhaka"]
[Date "2021.04.03"]
[Round "8.2"]
[White "Jannatul, Ferdous"]
[Black "Parveen, Tanima"]
[Result "1/2-1/2"]
[WhiteElo "1710"]
[BlackElo "1984"]
[Annotator "NA"]
[PlyCount "71"]
[EventDate "2021.04.02"]
[EventType "swiss"]
[EventCountry "BAN"]
[SourceTitle "playchess.com"]
[Source "ChessBase"]
[SourceQuality "1"]
[TimeControl "1500+10"]

1. d4 {[%emt 0:22:08]} d5 {[%emt 0:22:07]} 2. Bf4 {[%emt 0:00:09]} Nf6 {[%emt 0:00:10]} 3. e3 {[%emt 0:00:09]} e6 {[%emt 0:00:09]} 4. Nf3 {[%emt 0:00:09]} c6 {[%emt 0:00:13]} 5. c3 {[%emt 0:00:10]} Be7 {[%emt 0:00:14]} 6. Bd3 {[%emt 0:00:09]} O-O {[%emt 0:00:10]} 7. O-O {[%emt 0:00:09]} Nbd7 {[%emt 0:00:09]} 8. Nbd2 {[%emt 0:00:11]} b6 {[%emt 0:00:15]} 9. Qe2 {[%emt 0:00:09]} Bb7 {[%emt 0:00:10]} 10. e4 {[%emt 0:00:12]} dxe4 {[%emt 0:00:20]} 11. Nxe4 {[%emt 0:00:10]} Nd5 {[%emt 0:00:11]} 12. Bg3 {[%emt 0:00:16]} N7f6 {[%emt 0:00:31]} 13. Rfe1 {[%emt 0:00:14]} Nxe4 {[%emt 0:00:50]} 14. Bxe4 {[%emt 0:00:17]} Nf6 {[%emt 0:00:11]} 15. Bc2 {[%emt 0:00:11]} c5 {[%emt 0:00:10]} 16. Rad1 {[%emt 0:00:15]} Qc8 {[%emt 0:00:23]} 17. h3 {[%emt 0:00:24]} Qc6 {[%emt 0:00:12]} 18. Be5 {[%emt 0:00:24]} Rad8 {[%emt 0:00:22]} 19. dxc5 {[%emt 0:00:27]} Qxc5 {[%emt 0:00:21]} 20. Bxf6 {[%emt 0:00:30]} Bxf6 {[%emt 0:00:10]} 21. Be4 {[%emt 0:00:09]} Bxe4 {[%emt 0:00:31]} 22. Qxe4 {[%emt 0:00:09]} g6 {[%emt 0:00:12]} 23. Qe2 {[%emt 0:00:47]} Qa5 {[%emt 0:00:11]} 24. a3 {[%emt 0:00:10]} Qh5 {[%emt 0:00:14]} 25. Rxd8 {[%emt 0:00:12]} Rxd8 {[%emt 0:00:09]} 26. Rd1 {[%emt 0:00:09]} Rd5 {[%emt 0:00:10]} 27. Rxd5 {[%emt 0:00:16]} Qxd5 {[%emt 0:00:09]} 28. Qd2 {[%emt 0:00:09]} Qb5 {[%emt 0:00:11]} 29. Ne1 {[%emt 0:00:29]} e5 {[%emt 0:00:10]} 30. Nf3 {[%emt 0:00:13]} e4 {[%emt 0:00:09]} 31. Nd4 {[%emt 0:00:15]} Qd5 {[%emt 0:00:14]} 32. Nf3 {[%emt 0:00:23]} Qe6 {[%emt 0:00:16]} 33. Nd4 {[%emt 0:00:09]} Qd6 {[%emt 0:00:15]} 34. Nf3 {[%emt 0:00:12]} Qe6 {[%emt 0:00:09]} 35. Nd4 {[%emt 0:00:10]} Qd6 {[%emt 0:00:11]} 36. Nf3 {[%emt 0:00:10]} 1/2-1/2

[Event "9th Bangabandhu Blitz Women 2021"]
[Site "Dhaka"]
[Date "2021.04.03"]
[Round "8.3"]
[White "Talukder, Umme Taslima Protiva"]
[Black "Noshin, Anjum"]
[Result "1-0"]
[WhiteElo "1722"]
[BlackElo "1912"]
[Annotator "NA"]
[PlyCount "63"]
[EventDate "2021.04.02"]
[EventType "swiss"]
[EventCountry "BAN"]
[SourceTitle "playchess.com"]
[Source "ChessBase"]
[SourceQuality "1"]
[TimeControl "1500+10"]

1. d4 {[%emt 0:25:10]} d5 {[%emt 0:25:10]} 2. c4 {[%emt 0:00:10]} c6 {[%emt 0:00:10]} 3. Nc3 {[%emt 0:00:10]} Nf6 {[%emt 0:00:10]} 4. e3 {[%emt 0:00:10]} e6 {[%emt 0:00:10]} 5. Nf3 {[%emt 0:00:10]} Nbd7 {[%emt 0:00:10]} 6. Bd3 {[%emt 0:00:10]} dxc4 {[%emt 0:00:10]} 7. Bxc4 {[%emt 0:00:10]} b5 {[%emt 0:00:10]} 8. Be2 {[%emt 0:00:10]} a6 9. O-O {[%emt 0:00:10]} Be7 {[%emt 0:00:20]} 10. b3 {[%emt 0:00:10]} c5 {[%emt 0:00:10]} 11. Bb2 {[%emt 0:00:10]} cxd4 {[%emt 0:00:10]} 12. Nxd4 {[%emt 0:00:10]} Bb7 13. Bf3 {[%emt 0:00:10]} Qc7 {[%emt 0:00:20]} 14. Rc1 {[%emt 0:00:10]} Qb6 {[%emt 0:00:10]} 15. Bxb7 {[%emt 0:00:10]} Qxb7 {[%emt 0:00:10]} 16. Qf3 Qxf3 {[%emt 0:00:10]} 17. Nxf3 {[%emt 0:00:20]} O-O {[%emt 0:00:10]} 18. Rfd1 {[%emt 0:00:10]} Rfd8 {[%emt 0:00:10]} 19. Ne2 {[%emt 0:00:10]} Nb6 {[%emt 0:00:10]} 20. Ned4 {[%emt 0:00:10]} Rac8 {[%emt 0:00:10]} 21. Rxc8 {[%emt 0:00:10]} Rxc8 22. Rc1 {[%emt 0:00:10]} Rxc1+ {[%emt 0:00:20]} 23. Bxc1 {[%emt 0:00:10]} Nfd5 {[%emt 0:00:10]} 24. Bd2 {[%emt 0:00:10]} Bb4 {[%emt 0:00:10]} 25. Bxb4 {[%emt 0:00:10]} Nxb4 26. a3 {[%emt 0:00:10]} Nd3 {[%emt 0:00:20]} 27. Kf1 {[%emt 0:00:10]} f6 {[%emt 0:00:10]} 28. Nxe6 {[%emt 0:00:10]} Nc1 {[%emt 0:00:10]} 29. Nfd4 {[%emt 0:00:10]} Kf7 {[%emt 0:00:10]} 30. Nc7 Nd7 {[%emt 0:00:10]} 31. Nxa6 {[%emt 0:00:20]} Nc5 {[%emt 0:00:10]} 32. Nxc5 {[%emt 0:00:10]} 1-0

[Event "9th Bangabandhu Blitz Women 2021"]
[Site "Dhaka"]
[Date "2021.04.03"]
[Round "8.4"]
[White "Israt, Jahan Diba"]
[Black "Wadifa, Ahmed"]
[Result "1-0"]
[WhiteElo "1675"]
[BlackElo "1595"]
[Annotator "NA"]
[PlyCount "83"]
[EventDate "2021.04.02"]
[EventType "swiss"]
[EventCountry "BAN"]
[SourceTitle "playchess.com"]
[Source "ChessBase"]
[SourceQuality "1"]
[TimeControl "1500+10"]

1. e4 {[%emt 0:25:10]} c5 {[%emt 0:25:10]} 2. Nf3 {[%emt 0:00:10]} e6 {[%emt 0:00:10]} 3. d4 {[%emt 0:00:10]} cxd4 {[%emt 0:00:10]} 4. Nxd4 {[%emt 0:00:10]} a6 5. Nc3 {[%emt 0:00:10]} Qc7 6. Be3 {[%emt 0:00:10]} Bb4 {[%emt 0:00:30]} 7. Qd3 {[%emt 0:00:10]} Nf6 {[%emt 0:00:10]} 8. f3 {[%emt 0:00:10]} d5 {[%emt 0:00:10]} 9. exd5 {[%emt 0:00:10]} Nxd5 {[%emt 0:00:10]} 10. Bd2 {[%emt 0:00:10]} Nxc3 {[%emt 0:00:10]} 11. Bxc3 {[%emt 0:00:10]} Bxc3+ {[%emt 0:00:10]} 12. bxc3 {[%emt 0:00:10]} O-O {[%emt 0:00:10]} 13. Be2 {[%emt 0:00:10]} Bd7 {[%emt 0:00:10]} 14. O-O {[%emt 0:00:10]} Nc6 {[%emt 0:00:10]} 15. Rab1 {[%emt 0:00:10]} Rac8 {[%emt 0:00:10]} 16. c4 {[%emt 0:00:10]} h6 {[%emt 0:00:10]} 17. f4 {[%emt 0:00:10]} Rfd8 {[%emt 0:00:10]} 18. Nxc6 {[%emt 0:00:10]} Bxc6 {[%emt 0:00:10]} 19. Qg3 {[%emt 0:00:10]} Qa5 {[%emt 0:00:10]} 20. a3 {[%emt 0:00:10]} Kh8 {[%emt 0:00:10]} 21. Bd3 {[%emt 0:00:10]} Qxa3 {[%emt 0:00:10]} 22. Rfe1 {[%emt 0:00:10]} Qd6 {[%emt 0:00:10]} 23. Re3 {[%emt 0:00:10]} Qd7 {[%emt 0:00:10]} 24. Qg4 {[%emt 0:00:10]} f5 {[%emt 0:00:10]} 25. Qh5 Qe7 {[%emt 0:00:10]} 26. Rh3 Be8 {[%emt 0:00:10]} 27. Qf3 {[%emt 0:00:30]} Qf6 {[%emt 0:00:10]} 28. Rg3 {[%emt 0:00:10]} Rd7 {[%emt 0:00:10]} 29. Qf2 Rdc7 {[%emt 0:00:10]} 30. Qf3 {[%emt 0:00:20]} Bc6 {[%emt 0:00:10]} 31. Qf2 {[%emt 0:00:10]} Qc3 {[%emt 0:00:10]} 32. Bxf5 {[%emt 0:00:10]} exf5 {[%emt 0:00:10]} 33. Rxc3 {[%emt 0:00:10]} Bd7 {[%emt 0:00:10]} 34. Qd4 {[%emt 0:00:10]} Bc6 {[%emt 0:00:10]} 35. Qe3 Be4 {[%emt 0:00:10]} 36. Rc1 {[%emt 0:00:20]} Rxc4 37. Rxc4 Rxc4 38. Qb3 {[%emt 0:00:20]} Rc7 {[%emt 0:00:30]} 39. Qb6 {[%emt 0:00:10]} Rd7 {[%emt 0:00:10]} 40. Re1 {[%emt 0:00:10]} Re7 {[%emt 0:00:10]} 41. Qc5 {[%emt 0:00:10]} Rd7 42. Qc8+ {[%emt 0:00:10]} 1-0

[Event "9th Bangabandhu Blitz Women 2021"]
[Site "Dhaka"]
[Date "2021.04.03"]
[Round "9.1"]
[White "Sultana, Sharmin Shirin"]
[Black "Hamid, Rani"]
[Result "1/2-1/2"]
[WhiteElo "2006"]
[BlackElo "1920"]
[Annotator "ChessBase"]
[PlyCount "41"]
[EventDate "2021.04.02"]
[EventType "swiss"]
[EventCountry "BAN"]
[SourceTitle "playchess.com"]
[Source "ChessBase"]
[SourceQuality "1"]
[TimeControl "180+2"]

1. d4 {[%emt 0:00:00]} d5 {[%emt 0:00:00]} 2. Nf3 {[%emt 0:00:03]} Nf6 {[%emt 0:00:01]} 3. c4 {[%emt 0:00:01]} e6 {[%emt 0:00:01]} 4. Nc3 {[%emt 0:00:02]} Be7 {[%emt 0:00:06]} 5. Bf4 {[%emt 0:00:02]} c6 {[%emt 0:00:04]} 6. e3 {[%emt 0:00:02]} O-O {[%emt 0:00:04]} 7. h3 {[%emt 0:00:05]} b6 {[%emt 0:00:02]} 8. Qc2 {[%emt 0:00:02]} Ba6 {[%emt 0:00:05]} 9. b3 {[%emt 0:00:30]} Nbd7 {[%emt 0:00:06]} 10. Be2 {[%emt 0:00:17]} Rc8 {[%emt 0:00:02]} 11. O-O {[%emt 0:00:06]} c5 {[%emt 0:00:04]} 12. cxd5 {[%emt 0:00:24]} Bxe2 {[%emt 0:00:02]} 13. Qxe2 {[%emt 0:00:09]} exd5 {[%emt 0:00:08]} 14. dxc5 {[%emt 0:00:07]} Nxc5 {[%emt 0:00:04]} 15. Rac1 {[%emt 0:00:20]} Nce4 {[%emt 0:00:13]} 16. Nb5 {[%emt 0:00:13]} a6 {[%emt 0:00:16]} 17. Nbd4 {[%emt 0:00:02]} Nc3 {[%emt 0:00:07]} 18. Qxa6 {[%emt 0:00:05]} Nfe4 {[%emt 0:00:11]} 19. Kh1 {[%emt 0:00:04]} Ra8 {[%emt 0:00:04]} 20. Qb7 {[%emt 0:00:03]} Rxa2 {[%emt 0:00:03]} 21. Bc7 {[%emt 0:00:05]} 1/2-1/2

[Event "9th Bangabandhu Blitz Women 2021"]
[Site "Dhaka"]
[Date "2021.04.03"]
[Round "9.2"]
[White "Parveen, Tanima"]
[Black "Kazi Zarin, Tasnim"]
[Result "1-0"]
[WhiteElo "1984"]
[BlackElo "1425"]
[Annotator "ChessBase"]
[PlyCount "57"]
[EventDate "2021.04.02"]
[EventType "swiss"]
[EventCountry "BAN"]
[SourceTitle "playchess.com"]
[Source "ChessBase"]
[SourceQuality "1"]
[TimeControl "180+2"]

1. e4 {[%emt 0:00:00]} e5 {[%emt 0:00:00]} 2. Nf3 {[%emt 0:00:00]} Nf6 {[%emt 0:00:00]} 3. Nxe5 {[%emt 0:03:06]} Nc6 4. Nxc6 dxc6 {[%emt 0:00:00]} 5. d3 {[%emt 0:00:00]} Bc5 {[%emt 0:00:02]} 6. Be2 {[%emt 0:00:00]} h5 {[%emt 0:00:01]} 7. c3 {[%emt 0:00:00]} Ng4 {[%emt 0:00:10]} 8. d4 {[%emt 0:00:00]} Be7 {[%emt 0:00:11]} 9. h3 {[%emt 0:00:00]} Nf6 {[%emt 0:00:07]} 10. Bf3 {[%emt 0:00:00]} Be6 {[%emt 0:00:10]} 11. O-O {[%emt 0:00:00]} g6 {[%emt 0:00:57]} 12. Be3 {[%emt 0:00:00]} a5 {[%emt 0:00:12]} 13. Qe2 {[%emt 0:00:00]} b5 {[%emt 0:00:09]} 14. Nd2 {[%emt 0:00:00]} Bd7 {[%emt 0:00:16]} 15. a4 {[%emt 0:00:00]} b4 {[%emt 0:00:09]} 16. Nc4 {[%emt 0:00:00]} O-O {[%emt 0:00:17]} 17. Ne5 {[%emt 0:00:00]} Rb8 {[%emt 0:00:11]} 18. Qc4 {[%emt 0:00:00]} Qe8 {[%emt 0:00:10]} 19. Nxg6 {[%emt 0:00:00]} Be6 {[%emt 0:00:06]} 20. Nxe7+ {[%emt 0:00:00]} Qxe7 {[%emt 0:00:01]} 21. d5 {[%emt 0:00:00]} cxd5 {[%emt 0:00:03]} 22. exd5 {[%emt 0:00:00]} Bf5 {[%emt 0:00:08]} 23. Bc5 {[%emt 0:00:00]} Qd7 {[%emt 0:00:05]} 24. Bxf8 {[%emt 0:00:00]} Rxf8 {[%emt 0:00:01]} 25. Rad1 {[%emt 0:00:00]} Qd6 {[%emt 0:00:07]} 26. Qh4 {[%emt 0:00:00]} Bg6 {[%emt 0:00:06]} 27. Rfe1 {[%emt 0:00:00]} c6 {[%emt 0:00:07]} 28. dxc6 {[%emt 0:00:00]} Qc7 {[%emt 0:00:01]} 29. Qxf6 {[%emt 0:00:00]} 1-0

[Event "9th Bangabandhu Blitz Women 2021"]
[Site "Dhaka"]
[Date "2021.04.03"]
[Round "9.3"]
[White "Israt, Jahan Diba"]
[Black "Jannatul, Ferdous"]
[Result "1/2-1/2"]
[WhiteElo "1675"]
[BlackElo "1710"]
[Annotator "NA"]
[PlyCount "124"]
[EventDate "2021.04.02"]
[EventType "swiss"]
[EventCountry "BAN"]
[SourceTitle "playchess.com"]
[Source "ChessBase"]
[SourceQuality "1"]
[TimeControl "180+2"]

1. e4 {[%emt 0:03:02]} b6 {[%emt 0:03:02]} 2. d4 Bb7 {[%emt 0:00:02]} 3. Nc3 {[%emt 0:00:04]} g6 {[%emt 0:00:02]} 4. Nf3 {[%emt 0:00:02]} Bg7 5. Bd3 d6 {[%emt 0:00:04]} 6. Be3 {[%emt 0:00:04]} Nd7 {[%emt 0:00:02]} 7. O-O {[%emt 0:00:02]} c5 {[%emt 0:00:02]} 8. dxc5 {[%emt 0:00:02]} dxc5 {[%emt 0:00:02]} 9. Qd2 {[%emt 0:00:02]} Ngf6 {[%emt 0:00:02]} 10. Rad1 {[%emt 0:00:02]} O-O {[%emt 0:00:02]} 11. Bh6 {[%emt 0:00:02]} Re8 {[%emt 0:00:02]} 12. h3 {[%emt 0:00:02]} e5 {[%emt 0:00:02]} 13. Rfe1 Qe7 {[%emt 0:00:02]} 14. Bc4 {[%emt 0:00:04]} Rad8 {[%emt 0:00:02]} 15. Qc1 {[%emt 0:00:02]} Nb8 {[%emt 0:00:02]} 16. Bxg7 {[%emt 0:00:02]} Kxg7 17. Rd2 {[%emt 0:00:02]} Rxd2 {[%emt 0:00:04]} 18. Qxd2 {[%emt 0:00:02]} Rd8 19. Qe2 {[%emt 0:00:02]} Nc6 {[%emt 0:00:04]} 20. Ng5 {[%emt 0:00:02]} Rf8 {[%emt 0:00:02]} 21. Nd5 {[%emt 0:00:02]} Nxd5 {[%emt 0:00:02]} 22. exd5 {[%emt 0:00:02]} Qxg5 {[%emt 0:00:02]} 23. dxc6 {[%emt 0:00:02]} Bxc6 {[%emt 0:00:02]} 24. Qxe5+ {[%emt 0:00:02]} Qxe5 {[%emt 0:00:02]} 25. Rxe5 {[%emt 0:00:02]} Kf6 {[%emt 0:00:02]} 26. Re3 {[%emt 0:00:02]} Rd8 {[%emt 0:00:02]} 27. Re2 {[%emt 0:00:02]} Rd1+ {[%emt 0:00:02]} 28. Kh2 Rd4 {[%emt 0:00:02]} 29. Ba6 {[%emt 0:00:04]} Ra4 {[%emt 0:00:02]} 30. Bc8 {[%emt 0:00:02]} Rxa2 {[%emt 0:00:02]} 31. b3 {[%emt 0:00:02]} a5 {[%emt 0:00:02]} 32. Rd2 {[%emt 0:00:02]} Ke7 {[%emt 0:00:02]} 33. Bg4 {[%emt 0:00:02]} a4 {[%emt 0:00:02]} 34. bxa4 {[%emt 0:00:02]} Bxa4 35. Re2+ {[%emt 0:00:02]} Kf6 {[%emt 0:00:04]} 36. c3 {[%emt 0:00:02]} Rxe2 {[%emt 0:00:02]} 37. Bxe2 {[%emt 0:00:02]} Ke5 {[%emt 0:00:02]} 38. Kg3 {[%emt 0:00:02]} Ke4 {[%emt 0:00:02]} 39. Bc4 {[%emt 0:00:02]} f6 {[%emt 0:00:02]} 40. Bg8 {[%emt 0:00:02]} h6 {[%emt 0:00:02]} 41. Bh7 {[%emt 0:00:02]} Kf5 {[%emt 0:00:02]} 42. Kf3 {[%emt 0:00:02]} Bc6+ {[%emt 0:00:02]} 43. Kg3 {[%emt 0:00:02]} b5 {[%emt 0:00:02]} 44. f3 {[%emt 0:00:02]} b4 45. cxb4 {[%emt 0:00:02]} cxb4 {[%emt 0:00:04]} 46. Bg8 {[%emt 0:00:02]} Ba4 {[%emt 0:00:02]} 47. Bc4 {[%emt 0:00:02]} Bc2 {[%emt 0:00:02]} 48. f4 {[%emt 0:00:02]} b3 {[%emt 0:00:02]} 49. Kf3 {[%emt 0:00:02]} g5 {[%emt 0:00:02]} 50. fxg5 {[%emt 0:00:02]} fxg5 {[%emt 0:00:02]} 51. Bg8 {[%emt 0:00:02]} Kf6 {[%emt 0:00:02]} 52. Kg4 {[%emt 0:00:02]} b2 {[%emt 0:00:02]} 53. Ba2 {[%emt 0:00:02]} b1=Q {[%emt 0:00:02]} 54. Bxb1 Bxb1 55. Kh5 {[%emt 0:00:04]} Kg7 {[%emt 0:00:04]} 56. h4 {[%emt 0:00:02]} gxh4 {[%emt 0:00:02]} 57. Kxh4 {[%emt 0:00:02]} Kg6 58. Kg4 {[%emt 0:00:02]} h5+ {[%emt 0:00:04]} 59. Kh4 {[%emt 0:00:02]} Kh6 {[%emt 0:00:02]} 60. g4 {[%emt 0:00:02]} hxg4 {[%emt 0:00:02]} 61. Kxg4 {[%emt 0:00:02]} Kh7 {[%emt 0:00:02]} 62. Kh5 Kg7 1/2-1/2

[Event "9th Bangabandhu Blitz Women 2021"]
[Site "Dhaka"]
[Date "2021.04.03"]
[Round "9.4"]
[White "Sabikun Nahar, Tonima"]
[Black "Talukder, Umme Taslima Protiva"]
[Result "0-1"]
[WhiteElo "1533"]
[BlackElo "1722"]
[Annotator "NA"]
[PlyCount "150"]
[EventDate "2021.04.02"]
[EventType "swiss"]
[EventCountry "BAN"]
[SourceTitle "playchess.com"]
[Source "ChessBase"]
[SourceQuality "1"]
[TimeControl "180+2"]

1. c4 {[%emt 0:03:02]} e5 {[%emt 0:03:02]} 2. Nc3 {[%emt 0:00:02]} d6 {[%emt 0:00:02]} 3. g3 {[%emt 0:00:02]} Nf6 {[%emt 0:00:02]} 4. Bg2 {[%emt 0:00:02]} Be7 {[%emt 0:00:02]} 5. e3 {[%emt 0:00:02]} c6 {[%emt 0:00:02]} 6. Nge2 {[%emt 0:00:02]} Be6 {[%emt 0:00:02]} 7. b3 {[%emt 0:00:02]} Nbd7 {[%emt 0:00:02]} 8. O-O {[%emt 0:00:02]} O-O {[%emt 0:00:02]} 9. h3 {[%emt 0:00:02]} Qc7 {[%emt 0:00:02]} 10. Bb2 {[%emt 0:00:02]} Nc5 {[%emt 0:00:02]} 11. d4 {[%emt 0:00:02]} Ncd7 {[%emt 0:00:02]} 12. Rc1 {[%emt 0:00:02]} Rfd8 {[%emt 0:00:02]} 13. d5 {[%emt 0:00:02]} Bf5 {[%emt 0:00:02]} 14. a3 {[%emt 0:00:02]} Nc5 {[%emt 0:00:02]} 15. e4 {[%emt 0:00:02]} Ncxe4 {[%emt 0:00:02]} 16. dxc6 {[%emt 0:00:02]} bxc6 {[%emt 0:00:02]} 17. Na4 {[%emt 0:00:02]} Ng5 {[%emt 0:00:02]} 18. h4 {[%emt 0:00:02]} Ne6 {[%emt 0:00:02]} 19. b4 {[%emt 0:00:02]} Rab8 {[%emt 0:00:02]} 20. Nac3 {[%emt 0:00:02]} Nf8 {[%emt 0:00:02]} 21. Qd2 {[%emt 0:00:02]} N6d7 {[%emt 0:00:02]} 22. f3 {[%emt 0:00:02]} Be6 {[%emt 0:00:02]} 23. Ne4 {[%emt 0:00:02]} f5 {[%emt 0:00:02]} 24. Ng5 {[%emt 0:00:02]} Nf6 {[%emt 0:00:02]} 25. Nxe6 {[%emt 0:00:02]} Nxe6 26. Rfd1 {[%emt 0:00:02]} Rd7 {[%emt 0:00:04]} 27. Qe1 {[%emt 0:00:02]} Rbd8 {[%emt 0:00:02]} 28. Qf2 Qb6 {[%emt 0:00:02]} 29. Kf1 {[%emt 0:00:04]} Qxf2+ {[%emt 0:00:02]} 30. Kxf2 {[%emt 0:00:02]} Bf8 {[%emt 0:00:02]} 31. Bh3 {[%emt 0:00:02]} g6 {[%emt 0:00:02]} 32. Nc3 {[%emt 0:00:02]} Nd4 {[%emt 0:00:02]} 33. Na4 {[%emt 0:00:02]} Ne6 {[%emt 0:00:02]} 34. Nc3 {[%emt 0:00:02]} Kf7 {[%emt 0:00:02]} 35. Ne2 Bg7 {[%emt 0:00:02]} 36. Nc3 {[%emt 0:00:04]} Bh6 {[%emt 0:00:02]} 37. Rb1 {[%emt 0:00:02]} Nd4 {[%emt 0:00:02]} 38. Bf1 {[%emt 0:00:02]} d5 {[%emt 0:00:02]} 39. c5 {[%emt 0:00:02]} Rb8 {[%emt 0:00:02]} 40. Na4 {[%emt 0:00:02]} Nb5 {[%emt 0:00:02]} 41. Nc3 {[%emt 0:00:02]} Nxc3 {[%emt 0:00:02]} 42. Bxc3 d4 43. Ba1 {[%emt 0:00:04]} Nd5 {[%emt 0:00:04]} 44. Bc4 {[%emt 0:00:02]} Kf6 {[%emt 0:00:02]} 45. Bxd5 {[%emt 0:00:02]} Rxd5 46. Bb2 {[%emt 0:00:02]} Be3+ {[%emt 0:00:04]} 47. Kg2 {[%emt 0:00:02]} e4 {[%emt 0:00:02]} 48. fxe4 {[%emt 0:00:02]} fxe4 {[%emt 0:00:02]} 49. Rf1+ {[%emt 0:00:02]} Ke5 {[%emt 0:00:02]} 50. Rfe1 {[%emt 0:00:02]} Kf5 {[%emt 0:00:02]} 51. Rf1+ Ke6 {[%emt 0:00:02]} 52. Rfe1 Rf8 {[%emt 0:00:02]} 53. Kh3 {[%emt 0:00:06]} h5 {[%emt 0:00:02]} 54. Rbd1 {[%emt 0:00:02]} Rf2 {[%emt 0:00:02]} 55. Bc1 {[%emt 0:00:02]} Kf5 {[%emt 0:00:02]} 56. Bxe3 {[%emt 0:00:02]} dxe3 {[%emt 0:00:02]} 57. Rxd5+ {[%emt 0:00:02]} cxd5 58. Rxe3 {[%emt 0:00:02]} Ke5 {[%emt 0:00:04]} 59. b5 {[%emt 0:00:02]} Rc2 {[%emt 0:00:02]} 60. c6 {[%emt 0:00:02]} Rc5 {[%emt 0:00:02]} 61. a4 {[%emt 0:00:02]} d4 {[%emt 0:00:02]} 62. Rb3 {[%emt 0:00:02]} e3 {[%emt 0:00:02]} 63. Kg2 {[%emt 0:00:02]} Ke4 64. a5 {[%emt 0:00:02]} d3 {[%emt 0:00:04]} 65. b6 {[%emt 0:00:02]} axb6 {[%emt 0:00:02]} 66. axb6 Rxc6 {[%emt 0:00:02]} 67. b7 d2 {[%emt 0:00:02]} 68. b8=Q {[%emt 0:00:06]} d1=Q {[%emt 0:00:02]} 69. Qe8+ {[%emt 0:00:02]} Kd5 {[%emt 0:00:02]} 70. Qf7+ Kc5 {[%emt 0:00:02]} 71. Rc3+ {[%emt 0:00:04]} Kb6 {[%emt 0:00:02]} 72. Qb3+ {[%emt 0:00:02]} Kc7 {[%emt 0:00:02]} 73. Qf7+ {[%emt 0:00:02]} Qd7 74. Qf4+ {[%emt 0:00:02]} Kc8 {[%emt 0:00:04]} 75. Rxc6+ {[%emt 0:00:02]} Qxc6+ {[%emt 0:00:02]} 0-1